| 000 | 00382nam a2200157Ia 4500 | ||
|---|---|---|---|
| 008 | 221030s9999 xx 000 0 und d | ||
| 020 | _a8130900092 | ||
| 041 | _aEnglish | ||
| 082 | _a105.23 | ||
| 100 | _aH. S. G. Rao | ||
| 245 | 0 | _aAdvanced Engineering Mathematics | |
| 260 |
_bViva Books Pvt. Ltd. _aNew Delhi _c2006 |
||
| 300 | _a490 | ||
| 650 | _aBB Mathematics | ||
| 942 | _cBK | ||
| 999 |
_c4265 _d4265 |
||